000 00756nam a22002657a 4500
001 BR6007525
003 BR-BrBNA
005 20230928095608.0
007 ta
008 230509b bl.||||| |||| 00| 0 por d
040 _aBR-BrBNA
_bpor
_cBiblioteca Nacional de Agricultura
041 _a(Por)
072 _aA00; E10
090 _ A00 BR6007525
100 1 _aCosta, F.
110 1 _aMinisterio da Agricultura, Rio de Janeiro, GB (Brasil)
_96904
245 1 _aRealizacoes do Presidente Getulio Vargas no Ministerio da Agricultura
260 3 _aRio de Janeiro, GB (Brasil):
_c1941.
300 _a198 p.
650 _aAgricultura
650 _aCredito Rural
650 _aEconomia Agricola
909 _a202309
_bLucia
_c55
_dLucia Elande
942 _cBK
999 _c57505
_d57505